Beyond expectations : (Record no. 12122)
[ view plain ]
| 000 -LEADER | |
|---|---|
| fixed length control field | 00729nam a22002292 4500 |
| 001 - CONTROL NUMBER | |
| control field | 0000020043 |
| 005 - DATE AND TIME OF LATEST TRANSACTION | |
| control field | 20151217155227.0 |
| 008 - FIXED-LENGTH DATA ELEMENTS--GENERAL INFORMATION | |
| fixed length control field | 110530s xx 000 0 eng d |
| 020 ## - INTERNATIONAL STANDARD BOOK NUMBER | |
| International Standard Book Number | 9966257413 : |
| 040 ## - CATALOGING SOURCE | |
| Original cataloging agency | KABU |
| Transcribing agency | KABU |
| 100 1# - MAIN ENTRY--PERSONAL NAME | |
| Personal name | Karume, Njenga. |
| -- | 0000180083 |
| 245 10 - TITLE STATEMENT | |
| Title | Beyond expectations : |
| Remainder of title | from charcoal to gold / |
| Statement of responsibility, etc. | Njenga Karume with Mutu wa Gethoi. |
| 250 ## - EDITION STATEMENT | |
| Edition statement | 1st ed. |
| 260 ## - PUBLICATION, DISTRIBUTION, ETC. (IMPRINT) | |
| Place of publication, distribution, etc. | Nairobi : |
| Name of publisher, distributor, etc. | Kenway, |
| Date of publication, distribution, etc. | 2009. |
| 300 ## - PHYSICAL DESCRIPTION | |
| Extent | xxiii, 335 p. |
| 600 10 - SUBJECT ADDED ENTRY--PERSONAL NAME | |
| Personal name | Karume, Njenga, |
| Dates associated with a name | 1929-. |
| -- | 0000180084 |
| 650 #0 - SUBJECT ADDED ENTRY--TOPICAL TERM | |
| Topical term or geographic name as entry element | Politicians |
| Form subdivision | Biography |
| Geographic subdivision | Kenya. |
| -- | 0000158503 |
| 700 1# - ADDED ENTRY--PERSONAL NAME | |
| Personal name | Mutu wa Gethoi. |
| -- | 0000180085 |
| 852 1# - LOCATION | |
| -- | p1500 KES |
| 908 ## - PUT COMMAND PARAMETER (RLIN) | |
| Put command parameter | 110530 |
| 950 ## - LOCAL HOLDINGS (RLIN) | |
| -- | 1 |
| Withdrawn status | Lost status | Source of classification or shelving scheme | Damaged status | Not for loan | Home library | Current library | Date acquired | Total Checkouts | Full call number | Barcode | Date last seen | Price effective from | Koha item type | Total Renewals | Date last checked out |
|---|---|---|---|---|---|---|---|---|---|---|---|---|---|---|---|
| Lost and Paid For | Library of Congress Classification | Kabarak, Main Campus | Kabarak, Main Campus | 17/12/2015 | DT433.582 .K37A3 2009 c. 2 | 21555 | 17/12/2015 | 17/12/2015 | General Collection | ||||||
| Library of Congress Classification | Kabarak, Main Campus | Kabarak, Main Campus | 17/12/2015 | 5 | DT433.582 .K37A3 2009 c. 1 | 18921 | 03/02/2020 | 17/12/2015 | Africana Collection | 1 | 23/01/2020 |